| 000 | 01490cam a2200361 i 4500 | ||
|---|---|---|---|
| 001 | 16720 | ||
| 003 | Mx-PuUPA | ||
| 005 | 20251022094713.0 | ||
| 008 | 140415s1994 mx a fr 000 0 spa d | ||
| 040 |
_aMx-PuUPA _bspa _cMx-PuUPA _dMx-PuUPA _erda |
||
| 041 | 0 |
_aspa _heng |
|
| 110 | 2 |
_913877 _aAmerican Diabetes Association, _eautor |
|
| 240 | 1 | 0 |
_aMedical management of insulin-dependent (Type I) diabetes. _lEspañol |
| 245 | 1 | 0 |
_aManejo médico de la diabetes insulino dependiente (Tipo I) / _cAmerican Diabetes Association ; editor, Susan H. Lau ; traducción, Jorge Ramírez Peredo |
| 250 | _aSegunda edición | ||
| 264 | 1 |
_aMéxico, D. F. : _bGrupo Mercadotecnia de Innovación y Desarrollo, _c©1994 |
|
| 300 |
_ax, 159 páginas ; _c23 cm |
||
| 336 |
_2rdacontent _atexto _btxt |
||
| 337 |
_2rdamedia _asin medio _bn |
||
| 338 |
_2rdacarrier _avolumen _bnc |
||
| 650 | 7 |
_2armarc _aDiabetes |
|
| 650 | 7 |
_2armarc _aDiabetes mellitus, Tipo 1 |
|
| 650 | 7 |
_2armarc _aDiabetes _xTratamiento |
|
| 650 | 7 |
_2armarc _aDiabetes insulinodependiente |
|
| 650 | 7 |
_2armarc _aInsulina _xUso terapéutico |
|
| 700 | 1 |
_aLau, Susan H., _eeditor |
|
| 700 | 1 |
_aRamírez Peredo, Jorge, _etraductor |
|
| 765 | 0 |
_aAmerican Diabetes Association, _tMedical management of insulin-dependent (Type I) diabetes. _z0945448368 |
|
| 942 |
_2ddc _cLI _h616.4622 _iM266 |
||
| 999 |
_c16720 _d16720 |
||